Footballers by Picture - Brazil - Statistics

General Stats
  • This quiz has been taken 358 times
  • The average score is 15 of 20
Answer Stats
Picture Answer % Correct
Pelé
100%
Ronaldo
99%
Neymar
97%
Kaká
96%
Ronaldinho
95%
Thiago Silva
95%
Roberto Carlos
90%
Vinícius Júnior
90%
Cafu
89%
Dani Alves
89%
Rivaldo
83%
Sócrates
74%
Dida
66%
Zico
64%
Romário
59%
Jairzinho
57%
Lúcio
55%
Maicon
43%
Dunga
37%
Cláudio Taffarel
29%
No matching quizzes found
Score Distribution
Percent of People with Each Score
Percentile by Number Answered
Your Score History
You have not taken this quiz